LIBRARY & INFORMATION CENTRE, KCAET, TAVANUR

ONLINE PUBLIC ACCESS CATALOGUE (OPAC)

History of literary criticism in the Italian renaissance vol-1 / (Record no. 5336)

MARC details
000 -LEADER
fixed length control field 00406cam a2200145ua 4500
041 ## - LANGUAGE CODE
Language code of text/sound track or separate title eng
082 ## - DEWEY DECIMAL CLASSIFICATION NUMBER
Classification number 828.09
Item number WEI/HI
100 ## - MAIN ENTRY--AUTHOR NAME
Personal name Weinberg, Bernard .
245 ## - TITLE STATEMENT
Title History of literary criticism in the Italian renaissance vol-1 /
260 ## - PUBLICATION, DISTRIBUTION, ETC. (IMPRINT)
Place of publication Chicago :
Name of publisher University press ,
Year of publication 1961.
300 ## - PHYSICAL DESCRIPTION
Number of Pages 634 ; .
942 ## - ADDED ENTRY ELEMENTS (KOHA)
Koha item type Books
Holdings
Withdrawn status Lost status Damaged status Home library Current library Date acquired Cost, normal purchase price Full call number Accession Number Koha item type Public note
Withdrawn     KAUAET Sanskrit University 07/04/2012 77.00 828.09 7128 Books Transferred to Sanskrit University
free website counter